000 00300nam a22001337a 4500
008 181217b xxu||||| |||| 00| 0 eng d
020 _a0674503139
041 _aeng
080 _a573
100 _a11
101 _aBIO
245 _aKeywords in Evolutionary Biology
_cKeller,E.F
942 _2udc
_cBK
999 _c53202
_d53202